Building a character / (Record no. 17782)
[ view plain ]
| 000 -LEADER | |
|---|---|
| fixed length control field | 00938cam a2200277 a 4500 |
| 001 - CONTROL NUMBER | |
| control field | 17782 |
| 003 - CONTROL NUMBER IDENTIFIER | |
| rucl marc code | BD-RjUL |
| 005 - DATE AND TIME OF LATEST TRANSACTION | |
| control field | 20211209000207.0 |
| 008 - FIXED-LENGTH DATA ELEMENTS--GENERAL INFORMATION | |
| fixed length control field | 140219s1968 nyu 000 0 eng |
| 020 ## - INTERNATIONAL STANDARD BOOK NUMBER | |
| International Standard Book Number | 0878309829 (pbk.) |
| 035 ## - SYSTEM CONTROL NUMBER | |
| System control number | (BD-RjUL)17840 |
| 040 ## - CATALOGING SOURCE | |
| Original cataloging agency | DLC |
| Transcribing agency | DLC |
| Modifying agency | DLC |
| -- | BD-RjUL |
| Language of cataloging | eng |
| 041 1# - LANGUAGE CODE | |
| Language code of text/sound track or separate title | eng |
| Language code of original | rus |
| 082 00 - DEWEY DECIMAL CLASSIFICATION NUMBER | |
| Classification number | 792.028 |
| Edition number | 20 |
| Author mark and year | STB |
| 100 1# - MAIN ENTRY--PERSONAL NAME | |
| Personal name | Stanislavsky, Konstantin, |
| Dates associated with a name | 1863-1938. |
| 9 (RLIN) | 54866 |
| 245 10 - TITLE STATEMENT | |
| Title | Building a character / |
| Statement of responsibility, etc. | Constantin Stanislavski ; translated by Elizabeth Reynolds Hapgood. |
| 260 ## - PUBLICATION, DISTRIBUTION, ETC. (IMPRINT) | |
| Place of publication, distribution, etc. | New York : |
| Name of publisher, distributor, etc. | Routledge/Theater Arts Books, |
| Date of publication, distribution, etc. | 19768. |
| 300 ## - PHYSICAL DESCRIPTION | |
| Pagination | 300 p. ; |
| Size | 21 cm. |
| 500 ## - GENERAL NOTE | |
| General note | Translation of: Rabota aktera nad soboĭ. 2. Rabota nad soboĭ v tvorcheskom prot︠s︡esse voploshchenii︠a︡. |
| 650 #0 - SUBJECT ADDED ENTRY--TOPICAL TERM | |
| Topical term or geographic name as entry element | Method acting |
| 9 (RLIN) | 54867 |
| Topical term or geographic name as entry element | Acting. |
| 9 (RLIN) | 54868 |
| 942 ## - ADDED ENTRY ELEMENTS (KOHA) | |
| Source of classification or shelving scheme | Dewey Decimal Classification |
| Koha item type | Books |
| Lost status | Source of classification or shelving scheme | Damaged status | Not for loan | Collection code | Permanent Location | Current Location | Shelving location | Date acquired | Source of acquisition | Cost, normal purchase price | Total Checkouts | Full call number | Date last seen | Copy number | Koha item type |
|---|---|---|---|---|---|---|---|---|---|---|---|---|---|---|---|
| Dewey Decimal Classification | Not For Loan | Non-fiction | Central Library, University of Rajshahi | Central Library, University of Rajshahi | Reading Room | 08/08/1972 | Book centre | 14.85 | 792.028 STB 1968 | 19/02/2014 | C-1 | Books |